000 00984nas a2200313 4500
001 BR2018000271
003 BR-BrBNA
005 20231205131227.0
007 ta
008 230509b bl.|||p| |||| 00| 00por d
040 _aBR-BrBNA
_bpor
_cBiblioteca Nacional de Agricultura
041 _a(En)
072 _aF50
100 1 _aSanquetta, M.N.I.
100 1 _aSanquetta, C.R.
100 1 _aMognon, F.
100 1 _aCorte, A.P.D.
100 1 _aMaas, G.C.B.
245 1 _aWood density and carbon content in young teak individuals from Pará, Brazil
650 _aTECTONA GRANDIS
650 _aTECA
650 _aÁRVORE ANGIOSPERMA
650 _aESTRUTURA VEGETAL
650 _aMADEIRA
773 0 _tCientífica. Revista de Ciências Agrárias (Brazil)
_xISSN 1984-5529
_g(2016), v. 44(4) p. 608-614
_wBR2018000271
856 4 0 _uhttp://cientifica.org.br/index.php/cientifica/article/view/924/549
909 _a202311
_bLúcia
_c55
_dLúcia Elande
942 _2AGRIS
_n0
_cANA
999 _c253671
_d253671